| 000 | 00612nam a22002177a 4500 | ||
|---|---|---|---|
| 999 |
_c16837 _d16837 |
||
| 003 | OSt | ||
| 005 | 20180507164936.0 | ||
| 008 | 180507b xxu||||| |||| 00| 0 eng d | ||
| 020 | _a9780071315241 | ||
| 040 | _cKABU | ||
| 050 |
_aHF 5636 _b.P45 2013 C.1 |
||
| 100 | _aPhillips, Fred | ||
| 245 |
_aFundamentals of financial accounting: _cFred Phillips, Robert Libby and Patricia A. Libby |
||
| 250 | _a4th ed. | ||
| 260 |
_aUnited State: _bMcGraw - Hill Irwin; _c2013. |
||
| 300 | _axxxvii, 648p | ||
| 650 | _aAccounting | ||
| 700 | _aLibby, Robert. | ||
| 700 | _aLibby, A. Patricia | ||
| 942 |
_2lcc _cBK |
||